[Event "Eastern Asia-ch U14"]
[Site "Tornelo INT"]
[Date "2021.10.29"]
[Round "3"]
[White "Abeer, Manchanda"]
[Black "Aashman, Gupta"]
[Result "0-1"]
[WhiteElo "1290"]
[BlackElo "1695"]
[PlyCount "130"]
[EventDate "2021.10.29"]
[EventType "swiss"]
[EventRounds "9"]
[EventCountry "NET"]
[SourceTitle "EXT 2023"]
[Source "ChessBase"]
[SourceDate "2022.10.05"]
[SourceVersion "1"]
[SourceVersionDate "2022.10.05"]
[SourceQuality "1"]

1. d4 Nf6 2. Nf3 e6 3. c4 Bb4+ 4. Bd2 a5 5. a3 Bxd2+ 6. Qxd2 b6 7. g3 Bb7 8. Bg2 0-0 9. 0-0 d6 10. Nc3 Ne4 11. Qc2 Nxc3 12. Qxc3 a4 13. Rfd1 Nd7 14. Qc2 f5 15. Rac1 Qe7 16. Nh4 Bxg2 17. Nxg2 Qf7 18. e3 g5 19. e4 fxe4 20. Rf1 Nf6 21. Qe2 Ra5 22. h3 Qg6 23. Rc3 Kg7 24. Rfc1 Qf5 25. g4 Qg6 26. c5 bxc5 27. dxc5 d5 28. Qd2 Nd7 29. R3c2 Raa8 30. Qb4 Ne5 31. Ne1 h5 32. Qc3 Qf6 33. Qg3 hxg4 34. hxg4 Qf4 35. Rc3 Nxg4 36. Qxf4 Rxf4 37. f3 Ne5 38. fxe4 Rxe4 39. Rg3 Kg6 40. Ng2 Rf8 41. Rc2 Nf3+ 42. Rxf3 Rxf3 43. Kh2 Rf8 44. c6 Rb8 45. Kg3 Rc4 46. Re2 Rxc6 47. Ne1 Rb3+ 48. Kg2 Rcb6 49. Nf3 Rxb2 50. Ne5+ Kf5 51. Rxb2 Rxb2+ 52. Kg3 Rb3+ 53. Nf3 Rxa3 54. Kf2 Rxf3+ 55. Kxf3 a3 56. Ke3 a2 57. Kd4 a1Q+ 58. Kc5 Qc3+ 59. Kb5 g4 60. Ka6 Qb2 61. Ka5 g3 62. Ka6 g2 63. Ka5 g1R 64. Ka4 Ke4 65. Ka5 Ra1# 0-1